Estatísticas para Os 10 principais países com mortes por Covid19 - 26 de abril

Clique aqui para jogar o quiz

Estatísticas Gerais

  • Esse quiz foi jogado 3 vezes
  • A pontuação média é 7 de 13

Estatísticas das Respostas

país% Correto
Alemanha
100%
China
100%
Espanha
100%
Estados Unidos
100%
França
100%
Itália
100%
Reino Unido
50%
Suécia
50%
Bélgica
0%
Irão
0%
Irlanda
0%
Países Baixos
0%
Suíça
0%

Distribuição das Pontuações

Percentil de Números Respondidos

Porcentagem de Pessoas com Cada Pontuação

Sua Pontuação Histórica

Você não jogou esse quiz